[Event "TUR-ch Seniors 50"]
[Site "Ankara"]
[Date "2023.05.25"]
[Round "7"]
[White "Elmas, Mustafaa"]
[Black "Yavic, Adnan"]
[Result "1-0"]
[WhiteElo "1581"]
[BlackElo "1654"]
[PlyCount "73"]
[EventDate "2023.05.19"]
[EventType "swiss"]
[EventRounds "9"]
[EventCountry "TUR"]
[SourceTitle "CBM 214 Extra"]
[Source "ChessBase"]
[SourceDate "2023.07.31"]
[SourceVersion "1"]
[SourceVersionDate "2023.07.31"]
[SourceQuality "1"]

1. e4 e6 2. d4 d5 3. Nc3 Bb4 4. Bd3 Nf6 5. Bg5 h6 6. Bxf6 Qxf6 7. Nf3 Nc6 8. 0-0 Bxc3 9. bxc3 dxe4 10. Bxe4 0-0 11. Rb1 e5 12. Bxc6 Qxc6 13. Nxe5 Qxc3 14. Rb3 Qa5 15. a3 Be6 16. Rg3 Rad8 17. Qa1 f6 18. Ng6 Rfe8 19. Nf4 Bc4 20. Rd1 Re4 21. Nd3 Rde8 22. c3 b6 23. h3 Re2 24. Qc1 Kh8 25. Nf4 Ra2 26. Re1 Rxe1+ 27. Qxe1 Qf5 28. Qe7 g5 29. Nh5 Qg6 30. Nxf6 Bg8 31. Rf3 Ra1+ 32. Kh2 g4 33. hxg4 h5 34. gxh5 Qb1 35. Nxg8 Qh1+ 36. Kg3 Re1 37. Qf6+ 1-0

[Event "TUR-ch Seniors 50"]
[Site "Ankara"]
[Date "2023.05.22"]
[Round "4"]
[White "Yavic, Adnan"]
[Black "Nemutlu, Arif Murat"]
[Result "1-0"]
[WhiteElo "1654"]
[BlackElo "1233"]
[PlyCount "103"]
[EventDate "2023.05.19"]
[EventType "swiss"]
[EventRounds "9"]
[EventCountry "TUR"]
[SourceTitle "CBM 214 Extra"]
[Source "ChessBase"]
[SourceDate "2023.07.31"]
[SourceVersion "1"]
[SourceVersionDate "2023.07.31"]
[SourceQuality "1"]

1. e4 e5 2. d4 exd4 3. c3 dxc3 4. Nxc3 Nc6 5. Nf3 d6 6. Bc4 Be6 7. Bxe6 fxe6 8. Qb3 Qc8 9. Ng5 Nd4 10. Qa4+ Nc6 11. Be3 h6 12. Nf3 Nf6 13. 0-0 Be7 14. e5 Nd5 15. Nxd5 exd5 16. Qb5 0-0 17. Qxd5+ Kh8 18. exd6 Bxd6 19. Rac1 Qg4 20. Rc4 Qf5 21. Qd2 Rad8 22. Qc1 Rf6 23. Kh1 Rdf8 24. h3 Ne5 25. Rf4 Qh5 26. Rh4 Qf5 27. Rf4 Qh5 28. Rxf6 Rxf6 29. Nxe5 Qxe5 30. g3 Qd5+ 31. Kg1 Rg6 32. Qc2 Rf6 33. Qd1 Qxa2 34. Bd4 Rg6 35. Qf3 Qe6 36. Kg2 b6 37. Bc3 Rg5 38. Kh2 Qd5 39. Qe3 Bc5 40. Qe8+ Kh7 41. Qe2 h5 42. Rd1 Qf5 43. f4 Rg6 44. Qf3 h4 45. g4 Qc2+ 46. Rd2 Qc1 47. Rg2 Re6 48. g5 g6 49. Qg4 Qxf4+ 50. Qxf4 Bd6 51. Qxd6 Rxd6 52. Rg4 1-0

[Event "TUR-ch Seniors 50"]
[Site "Ankara"]
[Date "2023.05.20"]
[Round "2"]
[White "Yavic, Adnan"]
[Black "Buker, Muhittin"]
[Result "0-1"]
[WhiteElo "1654"]
[BlackElo "1834"]
[PlyCount "138"]
[EventDate "2023.05.19"]
[EventType "swiss"]
[EventRounds "9"]
[EventCountry "TUR"]
[SourceTitle "CBM 214 Extra"]
[Source "ChessBase"]
[SourceDate "2023.07.31"]
[SourceVersion "1"]
[SourceVersionDate "2023.07.31"]
[SourceQuality "1"]

1. e4 d6 2. d4 Nf6 3. Nc3 g6 4. Bg5 Bg7 5. Bd3 Nbd7 6. Nf3 c5 7. 0-0 cxd4 8. Nxd4 0-0 9. Kh1 Nc5 10. Nb3 Ne6 11. Be3 a6 12. f4 b5 13. f5 Nc7 14. Qd2 Bb7 15. Na5 Qc8 16. Bh6 b4 17. Ne2 Bxe4 18. Bxg7 Kxg7 19. Bxe4 Nxe4 20. Qxb4 Nf6 21. fxg6 hxg6 22. c4 Qg4 23. Rae1 Rh8 24. Qc3 Ne6 25. Nc6 Qh4 26. h3 Kf8 27. Ncd4 Nxd4 28. Nxd4 Rc8 29. b3 d5 30. Nf3 Qg3 31. Re3 Rh5 32. Nh2 Qd6 33. Qd4 e5 34. Qa7 Rc7 35. Qb8+ Kg7 36. Ref3 Rc6 37. Qb7 Qc5 38. cxd5 Rc7 39. Qxa6 Nxd5 40. Qa8 e4 41. R3f2 e3 42. Re2 Nc3 43. Ree1 e2 44. Rf4 Rd5 45. Rh4 Rc8 46. Qb7 Qf2 47. Nf3 Rcd8 48. Qc7 Qe3 49. Qc4 Rd1 50. Rf4 R8d7 51. Kh2 Rxe1 52. Nxe1 Qd2 53. Nf3 e1Q 54. Nxe1 Qxe1 55. Qc5 Nd5 56. Qd4+ f6 57. Re4 Qa5 58. Qc4 Qd8 59. Rd4 Qb8+ 60. g3 Qe5 61. Re4 Qf5 62. Re2 Ne3 63. Qc6 Nc2 64. Qg2 Nd4 65. Rf2 Qe5 66. h4 Nf5 67. Qh3 Rd3 68. Rg2 Qe4 69. h5 Ne3 0-1

[Event "TUR Cup"]
[Site "Antalya"]
[Date "2020.01.31"]
[Round "9"]
[White "Ozata, Doruk"]
[Black "Yavic, Adnan"]
[Result "0-1"]
[WhiteElo "1699"]
[BlackElo "1590"]
[PlyCount "73"]
[EventDate "2020.01.26"]
[EventType "swiss"]
[EventRounds "11"]
[EventCountry "TUR"]
[SourceTitle "CBM 194 Extra"]
[Source "ChessBase"]
[SourceDate "2020.03.31"]
[SourceVersion "1"]
[SourceVersionDate "2020.03.31"]
[SourceQuality "1"]

1. e4 e6 2. d4 d5 3. Nd2 Nf6 4. e5 Nfd7 5. f4 c5 6. c3 Nc6 7. Ndf3 cxd4 8. cxd4 Qb6 9. g3 Bb4+ 10. Kf2 f6 11. Kg2 0-0 12. Bd3 fxe5 13. fxe5 g6 14. Bb1 Be7 15. h4 Rf7 16. h5 g5 17. g4 h6 18. a3 Ndxe5 19. dxe5 Nxe5 20. Qd4 Qxd4 21. Nxd4 Nxg4 22. Ndf3 Bd7 23. Bg6 Rf6 24. Bd2 e5 25. Nh3 e4 26. Nfxg5 hxg5 27. Bxg5 Rf3 28. Rae1 Bd6 29. Bh4 Ne3+ 30. Rxe3 Rxe3 31. Ng5 Rf8 32. Bf2 Re2 33. Rf1 e3 34. h6 Rexf2+ 35. Rxf2 exf2 36. h7+ Kh8 37. Nf7+ 0-1

[Event "TUR Cup"]
[Site "Antalya"]
[Date "2020.01.30"]
[Round "7"]
[White "Onem, Cem"]
[Black "Yavic, Adnan"]
[Result "0-1"]
[WhiteElo "1805"]
[BlackElo "1590"]
[PlyCount "55"]
[EventDate "2020.01.26"]
[EventType "swiss"]
[EventRounds "11"]
[EventCountry "TUR"]
[SourceTitle "CBM 194 Extra"]
[Source "ChessBase"]
[SourceDate "2020.03.31"]
[SourceVersion "1"]
[SourceVersionDate "2020.03.31"]
[SourceQuality "1"]

1. d4 Nf6 2. c4 e6 3. Nf3 d5 4. e3 c6 5. Bd3 Nbd7 6. 0-0 Bd6 7. Nc3 dxc4 8. Bxc4 0-0 9. e4 b5 10. Bd3 e5 11. a3 exd4 12. Nxd4 Nc5 13. Bc2 Qb6 14. b4 Nb7 15. Nf3 Bg4 16. h3 Be5 17. Bb2 Rad8 18. Qe2 Bxf3 19. Qxf3 Rd2 20. Rac1 c5 21. Nd5 Rxd5 22. exd5 Bxb2 23. Rcd1 Bd4 24. bxc5 Bxc5 25. g4 Qd6 26. Qd3 Qf4 27. Kg2 Nd6 28. Rfe1 0-1

[Event "TUR Cup"]
[Site "Antalya"]
[Date "2020.01.30"]
[Round "8"]
[White "Yavic, Adnan"]
[Black "Sarac, Mehmet Ali"]
[Result "0-1"]
[WhiteElo "1590"]
[BlackElo "1804"]
[PlyCount "67"]
[EventDate "2020.01.26"]
[EventType "swiss"]
[EventRounds "11"]
[EventCountry "TUR"]
[SourceTitle "CBM 194 Extra"]
[Source "ChessBase"]
[SourceDate "2020.03.31"]
[SourceVersion "1"]
[SourceVersionDate "2020.03.31"]
[SourceQuality "1"]

1. e4 c6 2. Nf3 d5 3. exd5 cxd5 4. d4 Nc6 5. c3 Nf6 6. Bd3 Bg4 7. h3 Bh5 8. Nbd2 e6 9. Qc2 Bd6 10. a3 Rc8 11. g4 Bg6 12. Nf1 Ne4 13. Be3 f5 14. gxf5 exf5 15. Bxe4 dxe4 16. d5 exf3 17. Qa4 Qa5 18. Qb3 Ne5 19. Bd4 0-0 20. 0-0-0 Bf7 21. Ne3 f4 22. Bxe5 Bxe5 23. Ng4 Bxc3 24. Kb1 Bd2 25. Rhg1 Bg6+ 26. Ka1 Bc2 27. Qa2 Bxd1 28. d6+ Kh8 29. Qe6 Rc1+ 30. Ka2 Qf5 31. Qxf5 Rxf5 32. d7 Rd5 33. Ne5 Rxd7 34. Nxd7 0-1

[Event "TUR Cup"]
[Site "Antalya"]
[Date "2020.01.29"]
[Round "6"]
[White "Yavic, Adnan"]
[Black "Temel, Burcu Melis"]
[Result "0-1"]
[WhiteElo "1590"]
[BlackElo "1752"]
[PlyCount "106"]
[EventDate "2020.01.26"]
[EventType "swiss"]
[EventRounds "11"]
[EventCountry "TUR"]
[SourceTitle "CBM 194 Extra"]
[Source "ChessBase"]
[SourceDate "2020.03.31"]
[SourceVersion "1"]
[SourceVersionDate "2020.03.31"]
[SourceQuality "1"]

1. e4 c5 2. Nf3 e6 3. c3 Nc6 4. d4 cxd4 5. cxd4 d5 6. e5 Qb6 7. a3 Nh6 8. Bd3 Bd7 9. Bc2 Nf5 10. Bxf5 exf5 11. 0-0 Be7 12. Nc3 Be6 13. b4 0-0 14. Na4 Qd8 15. Nc5 Bc8 16. Be3 f6 17. Bf4 g5 18. Bc1 g4 19. Ne1 fxe5 20. dxe5 Nxe5 21. Ned3 Bf6 22. Rb1 b6 23. Nb3 Ba6 24. Nxe5 Bxf1 25. Nxg4 fxg4 26. Qxg4+ Kh8 27. Kxf1 Qc8 28. Qd1 Qc4+ 29. Kg1 Rae8 30. Be3 Qe4 31. g3 Be5 32. a4 Rc8 33. a5 Rc3 34. Nd2 Qg6 35. axb6 d4 36. bxa7 dxe3 37. Qf3 exf2+ 38. Qxf2 Qxb1+ 39. Nxb1 Rc1+ 40. Kg2 Rxf2+ 41. Kxf2 Bd4+ 42. Ke2 Bxa7 43. Nd2 Rh1 44. h4 Rh2+ 45. Kd3 Bb8 46. Ne4 Rg2 47. b5 Bxg3 48. Nxg3 Rxg3+ 49. Kc4 Rg4+ 50. Kc5 Rxh4 51. b6 Rh1 52. b7 Rb1 53. Kc6 h5 0-1

[Event "TUR Cup										"]
[Site "Antalya"]
[Date "2018.01.29"]
[Round "4"]
[White "Gokcek, Kursat Bugra"]
[Black "Yavic, Adnan"]
[Result "1-0"]
[WhiteElo "1916"]
[BlackElo "1652"]
[PlyCount "110"]
[EventDate "2018.01.27"]
[EventType "swiss"]
[EventRounds "11"]
[EventCountry "TUR"]
[SourceTitle "CBM 182 Extra"]
[Source "ChessBase"]
[SourceDate "2018.02.23"]
[SourceVersion "1"]
[SourceVersionDate "2018.02.23"]
[SourceQuality "1"]

1. e4 e6 2. d3 d5 3. Nd2 Nf6 4. Ngf3 c5 5. g3 Nc6 6. Bg2 Qc7 7. 0-0 Be7 8. Re1 0-0 9. e5 Nd7 10. Qe2 b5 11. Nf1 Nd4 12. Nxd4 cxd4 13. h4 Bb7 14. Bf4 Nb6 15. Nh2 Rac8 16. Rac1 Na4 17. Qh5 Qd8 18. Nf3 Qb6 19. Bg5 Rc7 20. Nh2 f5 21. exf6 Bxf6 22. Ng4 Bxg5 23. hxg5 Re7 24. Kh2 Bc6 25. g6 h6 26. Rh1 Be8 27. Kg1 Qd6 28. f4 e5 29. Nxe5 Rf6 30. Nf7 Bxf7 31. gxf7+ Kf8 32. Qxd5 Nb6 33. Qxb5 Kxf7 34. Be4 Kg8 35. Kg2 Qd7 36. Qxd7 Nxd7 37. c3 Rb6 38. b3 Nf6 39. Kf3 Rbe6 40. Rhe1 Nxe4 41. Rxe4 dxc3 42. Rxc3 Rxe4 43. dxe4 Kf7 44. e5 Rd7 45. Ke4 g6 46. g4 h5 47. f5 gxf5+ 48. Kxf5 Rb7 49. gxh5 Kg7 50. Rc6 Kh7 51. Kf6 a5 52. e6 a4 53. e7 Rb8 54. Kf7 axb3 55. e8Q bxa2 1-0

[Event "TUR Cup										"]
[Site "Antalya"]
[Date "2018.01.28"]
[Round "3"]
[White "Yavic, Adnan"]
[Black "Kara, Ali Barkin"]
[Result "1/2-1/2"]
[WhiteElo "1652"]
[BlackElo "1945"]
[PlyCount "249"]
[EventDate "2018.01.27"]
[EventType "swiss"]
[EventRounds "11"]
[EventCountry "TUR"]
[SourceTitle "CBM 182 Extra"]
[Source "ChessBase"]
[SourceDate "2018.02.23"]
[SourceVersion "1"]
[SourceVersionDate "2018.02.23"]
[SourceQuality "1"]

1. e4 c5 2. d4 cxd4 3. c3 Nf6 4. e5 Nd5 5. Qxd4 e6 6. Nf3 Nc6 7. Qe4 f5 8. Qe2 Qc7 9. g3 Nde7 10. Bg2 Ng6 11. Bf4 d6 12. exd6 Bxd6 13. Bxd6 Qxd6 14. Na3 0-0 15. 0-0 e5 16. Rad1 Qf6 17. Nb5 Kh8 18. Rd6 Qe7 19. Rfd1 a6 20. Na3 e4 21. Ne1 Nce5 22. Nc4 Be6 23. Nxe5 Nxe5 24. b3 Rae8 25. Bf1 Qf7 26. Bg2 Qc7 27. Qe3 Ng4 28. Qd4 Bc8 29. h3 Nh6 30. Rxh6 e3 31. f4 Be6 32. Rxe6 Rxe6 33. Rd3 Rfe8 34. c4 Qa5 35. Qa1 Qd2 36. Qd1 Qxa2 37. Rd8 Qf2+ 38. Kh2 h6 39. Rxe8+ Rxe8 40. Qd7 Rg8 41. Nf3 e2 42. Qe7 a5 43. h4 Qf1 44. h5 Qd1 45. Kh3 Qxb3 46. Qxe2 a4 47. Nd4 Qc3 48. Nxf5 a3 49. Ne7 Rd8 50. Ng6+ Kh7 51. Qe4 Qd4 52. Qf5 Qf6 53. Qc2 Qb2 54. Qe4 Qd4 55. Qf5 Qf6 56. Qc2 Qb2 57. Qxb2 axb2 58. Be4 Rd1 59. Ne5+ Kg8 60. Kg4 b1Q 61. Bxb1 Rxb1 62. Kf5 Rb6 63. g4 Rd6 64. Ke4 Kf8 65. Ng6+ Kf7 66. c5 Rd1 67. Ke5 Rd2 68. Nh8+ Ke7 69. Ng6+ Kd7 70. Nf8+ Ke8 71. Ne6 Kf7 72. f5 Rd1 73. Nf4 Rg1 74. Ne6 Rxg4 75. Nd8+ Ke7 76. Nxb7 Kd7 77. Nd6 Rg1 78. Kd5 Rd1+ 79. Ke5 Rd2 80. Ne4 Rh2 81. Ng3 Rg2 82. Kf4 Kc6 83. Kf3 Rh2 84. Kg4 Kxc5 85. f6 gxf6 86. Ne4+ Kd5 87. Nxf6+ Ke5 88. Kg3 Ra2 89. Ng4+ Kf5 90. Nxh6+ Kg5 91. Nf7+ Kxh5 92. Ne5 Kg5 93. Nf3+ Kf5 94. Nh4+ Ke4 95. Ng2 Ra8 96. Nh4 Rh8 97. Kg4 Rg8+ 98. Kh5 Ke5 99. Ng6+ Kf6 100. Nh4 Rg3 101. Kh6 Rh3 102. Kh5 Rh1 103. Kg4 Rf1 104. Kh5 Rf4 105. Ng2 Ra4 106. Nh4 Rb4 107. Nf3 Kf5 108. Nh4+ Kf4 109. Ng6+ Ke4 110. Nh4 Rb6 111. Ng6 Rc6 112. Nh4 Rc8 113. Ng6 Ra8 114. Kg5 Ra5+ 115. Kh6 Kf5 116. Nh4+ Kf6 117. Ng6 Rg5 118. Nh4 Rg7 119. Kh5 Rg8 120. Nf3 Rg3 121. Nh4 Rg1 122. Nf3 Rg3 123. Nh4 Rh3 124. Kg4 Rxh4+ 125. Kxh4 1/2-1/2

[Event "Sarajevo Bosna op 46th"]
[Site "Sarajevo"]
[Date "2016.06.01"]
[Round "7"]
[White "Kozarcanin, Sead"]
[Black "Yavic, Adnan"]
[Result "0-1"]
[WhiteElo "2053"]
[BlackElo "1696"]
[PlyCount "93"]
[EventDate "2016.05.28"]
[EventType "swiss"]
[EventRounds "9"]
[EventCountry "BIH"]
[SourceTitle "EXT 2019"]
[Source "ChessBase"]
[SourceDate "2018.10.10"]
[SourceVersion "1"]
[SourceVersionDate "2018.10.10"]
[SourceQuality "1"]

1. e4 e6 2. d3 c5 3. Nf3 Nc6 4. g3 Nf6 5. Bg2 b6 6. 0-0 Bb7 7. Re1 Be7 8. e5 Nd5 9. Nbd2 0-0 10. Nc4 f6 11. exf6 Nxf6 12. Nfe5 Qc8 13. Nxc6 Bxc6 14. Bxc6 Qxc6 15. Ne5 Qb7 16. f4 Rae8 17. a4 Bd6 18. b3 Bxe5 19. fxe5 Nd5 20. Qg4 Rf7 21. Bd2 Ref8 22. Qe4 Qc8 23. Re2 Rf5 24. g4 Rf3 25. Rg2 R8f7 26. Kh1 Qf8 27. Rag1 Ne7 28. Bg5 Ng6 29. h4 d5 30. exd6 Qxd6 31. Rh2 Ne5 32. Re1 Qf8 33. Be3 Rg3 34. Rg1 Rf1 35. Bf2 Rfxg1+ 36. Bxg1 Rxg4 37. Qe2 Qf4 38. Bf2 h5 39. Be1 Qf3+ 40. Rg2 Qxe2 41. Rxe2 Nf3 42. Bf2 Kf7 43. a5 Nxh4 44. Re1 Nf5 45. axb6 axb6 46. Ra1 g5 47. c3 0-1

[Event "Sarajevo Bosna op 46th"]
[Site "Sarajevo"]
[Date "2016.05.30"]
[Round "4"]
[White "Yavic, Adnan"]
[Black "Selimovic, Amir"]
[Result "0-1"]
[WhiteElo "1696"]
[BlackElo "1944"]
[PlyCount "78"]
[EventDate "2016.05.28"]
[EventType "swiss"]
[EventRounds "9"]
[EventCountry "BIH"]
[SourceTitle "EXT 2019"]
[Source "ChessBase"]
[SourceDate "2018.10.10"]
[SourceVersion "1"]
[SourceVersionDate "2018.10.10"]
[SourceQuality "1"]

1. e4 c5 2. Nf3 d6 3. c3 Nf6 4. Na3 Nc6 5. d3 g6 6. Be3 Bg7 7. Qd2 Ng4 8. Be2 Nxe3 9. fxe3 0-0 10. 0-0 a6 11. Rf2 e6 12. Raf1 d5 13. exd5 exd5 14. d4 c4 15. e4 dxe4 16. Ng5 Bh6 17. h4 Bxg5 18. hxg5 b5 19. Rf6 Qd7 20. Nc2 Nd8 21. R1f4 Qd5 22. Ne3 Qxg5 23. d5 Qe5 24. Bg4 Bxg4 25. Nxg4 e3 26. Nxe3 Re8 27. Rf3 Ra7 28. d6 Rd7 29. Ng4 Qe1+ 30. Qxe1 Rxe1+ 31. Kh2 Kg7 32. R6f4 f5 33. Ne3 Rxd6 34. Rg3 Kh8 35. Nc2 Re5 36. Nd4 Ne6 37. Nf3 Nxf4 38. Nxe5 Rd2 39. b3 cxb3 0-1

[Event "Manavgat Turkey Cup"]
[Site "Manavgat"]
[Date "2015.02.05"]
[Round "9"]
[White "Kazoglu, Eyup"]
[Black "Yavic, Adnan"]
[Result "1-0"]
[WhiteElo "2078"]
[BlackElo "1753"]
[PlyCount "84"]
[EventDate "2015.01.31"]
[EventType "swiss"]
[EventRounds "11"]
[EventCountry "TUR"]
[SourceTitle "CBM 164 Extra"]
[Source "ChessBase"]
[SourceDate "2015.03.02"]
[SourceVersion "1"]
[SourceVersionDate "2015.03.02"]
[SourceQuality "1"]

1. e4 e6 2. d4 d5 3. Nc3 Bb4 4. e5 c5 5. Bd2 cxd4 6. Nb5 Bxd2+ 7. Qxd2 Nc6 8. f4 Nge7 9. Nd6+ Kf8 10. Nf3 Bd7 11. 0-0-0 Nc8 12. Nb5 N8e7 13. Kb1 Nf5 14. Nfxd4 g6 15. g4 Nfxd4 16. Nxd4 Nxd4 17. Qxd4 h5 18. f5 g5 19. gxh5 Rxh5 20. f6 Qc7 21. Qg4 Rh8 22. Qxg5 Ke8 23. Qg7 Rf8 24. Re1 Bc6 25. Bd3 Kd7 26. Bg6 Ke8 27. Rhg1 Rc8 28. Bh7 Kd7 29. h4 Rcd8 30. h5 Kc8 31. Bd3 a5 32. h6 a4 33. a3 Qd7 34. h7 Qe8 35. Qh6 Rh8 36. Rg7 Qf8 37. Reg1 b5 38. Qd2 Qc5 39. Qc3 Qb6 40. Qe1 Qb8 41. Qa5 Qxe5 42. Rg8 Qxf6 1-0

[Event "Manavgat Turkey Cup"]
[Site "Manavgat"]
[Date "2015.01.31"]
[Round "1"]
[White "Eminov, Orkhan"]
[Black "Yavic, Adnan"]
[Result "1-0"]
[WhiteElo "2265"]
[BlackElo "1753"]
[PlyCount "79"]
[EventDate "2015.01.31"]
[EventType "swiss"]
[EventRounds "11"]
[EventCountry "TUR"]
[SourceTitle "CBM 164 Extra"]
[Source "ChessBase"]
[SourceDate "2015.03.02"]
[SourceVersion "1"]
[SourceVersionDate "2015.03.02"]
[SourceQuality "1"]

1. e4 e6 2. Qe2 c5 3. Nf3 Nc6 4. g3 Nf6 5. Bg2 d5 6. e5 Nd7 7. 0-0 Qc7 8. Re1 f6 9. exf6 Nxf6 10. Bh3 Bd6 11. Nc3 e5 12. Nb5 Qe7 13. Bxc8 Rxc8 14. Nxd6+ Qxd6 15. Nxe5 0-0 16. Nxc6 Rxc6 17. d3 Qd7 18. Bd2 Qh3 19. Qf1 Qh5 20. h3 c4 21. Bb4 Rf7 22. Qe2 Qxe2 23. Rxe2 b6 24. Rae1 Rfc7 25. Bc3 Kf7 26. Kg2 b5 27. g4 h6 28. f4 Rd7 29. Bd4 b4 30. Kf3 a5 31. f5 a4 32. h4 Rdc7 33. g5 hxg5 34. hxg5 cxd3 35. cxd3 Nd7 36. Re7+ Kg8 37. Rxg7+ Kf8 38. Rge7 Nc5 39. Re8+ Kf7 40. g6+ 1-0

[Event "Kemer Turkey Cup"]
[Site "Kemer"]
[Date "2014.02.03"]
[Round "4"]
[White "Kirali, Hasan"]
[Black "Yavic, Adnan"]
[Result "1-0"]
[WhiteElo "1468"]
[BlackElo "1742"]
[PlyCount "126"]
[EventDate "2014.02.01"]
[EventType "swiss"]
[EventRounds "9"]
[EventCountry "TUR"]
[SourceTitle "CBM 158 Extra"]
[Source "ChessBase"]
[SourceDate "2014.02.28"]
[SourceVersion "1"]
[SourceVersionDate "2014.02.28"]
[SourceQuality "1"]

1. d4 e6 2. e3 Nf6 3. Bd3 c5 4. c3 d5 5. f4 cxd4 6. cxd4 Nc6 7. a3 Bd6 8. Nf3 b6 9. 0-0 Bd7 10. Ne5 Rc8 11. Nd2 Na5 12. b4 Nb7 13. g4 Rc3 14. Bb2 Rc7 15. g5 Bxe5 16. dxe5 Ng8 17. Qg4 Ne7 18. Nf3 g6 19. Nd4 Qa8 20. h4 a6 21. a4 Nf5 22. Nxf5 gxf5 23. Qe2 b5 24. Bxf5 Ke7 25. Bd3 Rc4 26. Bxc4 dxc4 27. e4 Bc6 28. f5 Nd8 29. f6+ Ke8 30. Rfe1 Rg8 31. Qg4 Bd7 32. Rad1 Nc6 33. Rd6 a5 34. Red1 axb4 35. axb5 Qa2 36. R6d2 Qb3 37. Rxd7 Qxb2 38. Rc7 Nd4 39. Rc8+ Kd7 40. Rxg8 Kc7 41. Rg7 Qc3 42. Rxf7+ Kb8 43. Rd7 Nf3+ 44. Kh1 Nxe5 45. Rd8+ Kb7 46. R8d7+ Nxd7 47. Rxd7+ Kb8 48. f7 Qe1+ 49. Kh2 Qf2+ 50. Kh3 Kc8 51. f8Q+ Qxf8 52. Rxh7 Qf1+ 53. Qg2 Qd3+ 54. Qg3 Qf1+ 55. Kh2 Qe2+ 56. Qg2 Qe3 57. Rh8+ Kd7 58. Rh7+ Kc8 59. Rf7 c3 60. Rf2 Qd4 61. Qf3 Qc5 62. Qf8+ Qxf8 63. Rxf8+ Kd7 1-0

[Event "TUR-ch"]
[Site "Antalya"]
[Date "2013.02.07"]
[Round "9"]
[White "Doven, Hakan"]
[Black "Yavic, Adnan"]
[Result "1/2-1/2"]
[WhiteElo "1501"]
[BlackElo "1923"]
[PlyCount "108"]
[EventDate "2013.02.02"]
[EventType "swiss"]
[EventRounds "11"]
[EventCountry "TUR"]
[SourceTitle "CBM 152 Extra"]
[Source "ChessBase"]
[SourceDate "2013.02.25"]
[SourceVersion "1"]
[SourceVersionDate "2013.02.25"]
[SourceQuality "1"]

1. e4 e6 2. Nc3 Bb4 3. a3 Ba5 4. b4 Bb6 5. Na4 Qh4 6. Qf3 Nc6 7. Nxb6 axb6 8. Bb2 Nf6 9. d3 d5 10. exd5 Nd4 11. Qd1 Nxd5 12. Nf3 Nxf3+ 13. Qxf3 Nxb4 14. 0-0-0 Nd5 15. Qg3 Qh6+ 16. Kb1 0-0 17. h4 b5 18. Re1 f6 19. c4 bxc4 20. dxc4 Nf4 21. Qc3 e5 22. g3 Ne6 23. Bg2 Qg6+ 24. Be4 Qf7 25. g4 c6 26. g5 Nd4 27. gxf6 Qxf6 28. Qe3 c5 29. Bd5+ Kh8 30. Qxe5 Qxf2 31. Be4 Bf5 32. Rhf1 Bxe4+ 33. Qxe4 Qh2 34. Rxf8+ Rxf8 35. Qe8 Qc2+ 36. Ka1 Qf2 37. Ka2 h6 38. Qe7 b6 39. h5 Qf6 40. Qe4 Qf7 41. Qd5 Qxd5 42. cxd5 Rf5 43. Bxd4 cxd4 44. d6 Rd5 45. Kb3 d3 46. Kc3 d2 47. Rd1 Rxd6 48. Rxd2 Rc6+ 49. Kb4 Rc5 50. Rd6 Rxh5 51. Rxb6 Rh1 52. a4 Rb1+ 53. Kc5 Rc1+ 54. Kd4 Ra1 1/2-1/2

[Event "TUR-ch"]
[Site "Antalya"]
[Date "2013.02.07"]
[Round "8"]
[White "Yavic, Adnan"]
[Black "Kerem, Halil Ozgun"]
[Result "0-1"]
[WhiteElo "1923"]
[BlackElo "1566"]
[PlyCount "123"]
[EventDate "2013.02.02"]
[EventType "swiss"]
[EventRounds "11"]
[EventCountry "TUR"]
[SourceTitle "CBM 152 Extra"]
[Source "ChessBase"]
[SourceDate "2013.02.25"]
[SourceVersion "1"]
[SourceVersionDate "2013.02.25"]
[SourceQuality "1"]

1. e4 d6 2. d4 g6 3. f4 Bg7 4. Nf3 Bg4 5. Be2 Nc6 6. c3 Nf6 7. Qd3 0-0 8. Na3 a6 9. Nc2 Nxe4 10. d5 Nc5 11. Qe3 Nb8 12. 0-0 c6 13. h3 Bxf3 14. Qxf3 Qb6 15. Kh1 Na4 16. Nb4 c5 17. Nd3 Qd8 18. f5 Nd7 19. Qg4 b5 20. Bg5 c4 21. Nb4 Ne5 22. Qh4 Qe8 23. Bh6 g5 24. Qh5 f6 25. Qxe8 Rfxe8 26. Bxg7 Kxg7 27. h4 gxh4 28. Rf4 Nxb2 29. Rxh4 Na4 30. Rh3 Nc5 31. Rf1 Ne4 32. Rf4 Ng5 33. Rg3 Kh8 34. Nc2 Rg8 35. Kh2 Rg7 36. Nd4 Rag8 37. Kh1 Rc8 38. Kh2 Rc5 39. Ne6 Nxe6 40. dxe6 Rxg3 41. Kxg3 a5 42. Kf2 Nd3+ 43. Bxd3 cxd3 44. Ke3 Rxc3 45. Rd4 Kg7 46. g4 Rc4 47. Kxd3 Rxd4+ 48. Kxd4 b4 49. Kc4 Kh6 50. Kb5 Kg5 51. Kc6 a4 52. Kd7 b3 53. axb3 axb3 54. Kxe7 b2 55. Kxd6 b1Q 56. e7 Qb4+ 57. Ke6 Qc4+ 58. Kd7 Kxg4 59. e8Q Qb5+ 60. Ke7 Qxe8+ 61. Kxe8 Kxf5 62. Kf8 0-1

[Event "TUR-ch"]
[Site "Antalya"]
[Date "2013.02.04"]
[Round "4"]
[White "Yavic, Adnan"]
[Black "Guzelmansur, Fevzi"]
[Result "1-0"]
[WhiteElo "1923"]
[BlackElo "1584"]
[PlyCount "59"]
[EventDate "2013.02.02"]
[EventType "swiss"]
[EventRounds "11"]
[EventCountry "TUR"]
[SourceTitle "CBM 152 Extra"]
[Source "ChessBase"]
[SourceDate "2013.02.25"]
[SourceVersion "1"]
[SourceVersionDate "2013.02.25"]
[SourceQuality "1"]

1. e4 c5 2. Nf3 Nc6 3. Bc4 e6 4. Nc3 a6 5. a4 g6 6. 0-0 Bg7 7. d3 Nge7 8. Be3 d6 9. Qd2 h6 10. Ne2 Bxb2 11. Rab1 Bg7 12. c3 Na5 13. Ba2 Bd7 14. e5 Nf5 15. exd6 Nxe3 16. Qxe3 b6 17. Nf4 0-0 18. d4 Rc8 19. d5 e5 20. Ne6 fxe6 21. dxe6 Bxe6 22. Bxe6+ Kh7 23. Bxc8 Qxc8 24. Nxe5 Qe8 25. f4 Qxa4 26. Qd3 Bxe5 27. fxe5 Rxf1+ 28. Rxf1 Qb3 29. d7 Nc6 30. Qd6 1-0

[Event "TUR-ch"]
[Site "Antalya"]
[Date "2013.02.03"]
[Round "3"]
[White "Demirag, Batuhan"]
[Black "Yavic, Adnan"]
[Result "1-0"]
[WhiteElo "1704"]
[BlackElo "1923"]
[PlyCount "159"]
[EventDate "2013.02.02"]
[EventType "swiss"]
[EventRounds "11"]
[EventCountry "TUR"]
[SourceTitle "CBM 152 Extra"]
[Source "ChessBase"]
[SourceDate "2013.02.25"]
[SourceVersion "1"]
[SourceVersionDate "2013.02.25"]
[SourceQuality "1"]

1. e4 e6 2. d4 d5 3. Nd2 Nf6 4. e5 Nfd7 5. Bd3 c5 6. c3 Nc6 7. Ngf3 Be7 8. 0-0 0-0 9. Re1 Qb6 10. Nf1 f5 11. exf6 Nxf6 12. Ng5 Nd8 13. Ng3 Nf7 14. Nf3 Bd7 15. Ne5 Rae8 16. Nh5 Bc8 17. Nxf6+ Bxf6 18. Qh5 Nh6 19. Bxh6 gxh6 20. Qxh6 Qc7 21. Ng4 Qg7 22. Nxf6+ Rxf6 23. Bxh7+ Kh8 24. Qxg7+ Kxg7 25. Bc2 cxd4 26. cxd4 Rf4 27. Rad1 Ref8 28. f3 Kf6 29. Re3 Ke7 30. Kf2 Rh4 31. h3 Bd7 32. Re5 Kd6 33. Rg5 b5 34. Ke3 Rc8 35. Bd3 a5 36. Rd2 Rc1 37. Rg4 Rh8 38. Rc2 Re1+ 39. Kf2 Rd1 40. Ke2 Ra1 41. a3 b4 42. axb4 axb4 43. Rg7 Rc8 44. Rxc8 Bxc8 45. Kd2 Ra2 46. Kc2 Ra1 47. h4 Bd7 48. b3 Ra2+ 49. Kb1 Rd2 50. Bc2 Rxd4 51. h5 Rh4 52. Bg6 Bb5 53. Rg8 e5 54. Kc2 Bf1 55. g3 Rh2+ 56. Kc1 Kc5 57. Rc8+ Kd4 58. Rc2 Rh3 59. Rd2+ Kc5 60. Rf2 Bb5 61. g4 Rh1+ 62. Kd2 Kd4 63. g5 e4 64. fxe4 dxe4 65. Rf4 Rh2+ 66. Ke1 Bd3 67. Rg4 Re2+ 68. Kf1 Rb2+ 69. Kg1 Rxb3 70. h6 Rb1+ 71. Kg2 Rb2+ 72. Kg3 Ra2 73. h7 Ra8 74. Bxe4 Bxe4 75. g6 Kd3 76. Rxe4 Kxe4 77. g7 Kd3 78. h8Q Rxh8 79. gxh8Q b3 80. Qb2 1-0